000
00296nam a2200133Ia 4500
005
20251222155108.0
008
251222s9999||||xx |||||||||||||| ||spa||
082
_a
MEQ. 90
100
_a
MARTINEZ, M.
245
0
_a
Enfermedad Pulmonar
250
_a
1ra. ed.
264
_b
No tiene
942
_c
LIB
999
_c
37943
_d
37943